01069cam a22002655a 450000100100000000500170001000800410002702000210006802000180008904000310010708200250013810000320016324501000019526000520029530000330034749000400038050000240042050400330044465000770047765100520055465300260060694200080063299900170064095201460065700692340820150916111520.0020325s2002 enka frb f001 0 eng d a0521894395 (pbk) a9780521894395 aStDuBDSdUkdEG-ScBUEbeng04a338.9141056222bKIN1 aKingston, Paul W. T.93842010aBritain and the politics of modernization in the Middle East, 1945-1958 /cPaul W. T. Kingston. aCambridge :bCambridge University Press,c2002. axi, 191 p. :bill. ;c23 cm.0 aCambridge Middle East studies ;v4. aIndex : p. 189-191. aBibliography : p. [184]-188. 0aEconomic assistance, BritishzMiddle EastxHistoryy20th century.2BUEsh 0aMiddle EastxEconomic conditionsy1945-.2BUEsh bBUSBOLcSeptember2015 2ddc c20824d20796 00102ddc40708BaccahaMAINbMAINc1STd2015-09-01ePurchaseg268.00h23317l0o338.9141056 KINp000039551r2025-07-15 00:00:00v335.00yBB